| 000 | 00953nam a22002777i 4500 | ||
|---|---|---|---|
| 999 |
_c23096 _d23096 |
||
| 003 | AR-CdUCM | ||
| 008 | 241028b20202020 pe||||| |||| 00| 0 spa d | ||
| 020 | _a978-612-47093-8-8 | ||
| 040 |
_aMUNICIPALIDAD PROVINCIAL DEL CUSCO _cBIBLIOTECA MUNICIPAL DEL CUSCO |
||
| 041 | _hspa | ||
| 082 |
_a304.83 / A17 _bA17 |
||
| 100 |
_aAcat Koch, Carlos _950725 |
||
| 245 |
_aPerú, China : _bCulturas milenarias, integración y asociación estratégica / |
||
| 260 |
_aPerú : _bApus Graph Ediciones SAc. _c2020 |
||
| 300 |
_a182 páginas. : _c25 cm. |
||
| 500 | _zBibliografía : página 182. | ||
| 505 | _aMigración -- Inmigración -- De 1990 a la actualidad -- Siglo XXI -- Tratado de libre comercio | ||
| 650 |
_aPerú _950726 |
||
| 650 |
_aChina _9843 |
||
| 650 |
_aAsociación _930111 |
||
| 650 |
_aCultura _9126 |
||
| 650 |
_aRepresentación _950727 |
||
| 650 |
_aExportación _950728 |
||
| 942 |
_2ddc _cLIBROS |
||
| 945 |
_apbj _d28-10-2024 |
||